Report of the expert committee of the central advisory board of Education on uniform Indian braille held on 1st and 2nd April, 1946, as adopted by the board (Record no. 1328394)
[ view plain ]
| 000 -LEADER | |
|---|---|
| fixed length control field | 00598nam a2200181Ia 4500 |
| 005 - DATE AND TIME OF LATEST TRANSACTION | |
| control field | 20250508151229.0 |
| 008 - FIXED-LENGTH DATA ELEMENTS--GENERAL INFORMATION | |
| fixed length control field | 008 250505s9999 xx 000 0 eng d |
| 037 ## - SOURCE OF ACQUISITION | |
| Stock number | Textual |
| 040 ## - CATALOGING SOURCE | |
| Original cataloging agency | FEDL |
| Language of cataloging | eng |
| Transcribing agency | FEDL |
| 041 ## - LANGUAGE CODE | |
| Language code of text/sound track or separate title | eng |
| Source of code | eng |
| 084 ## - COLON CLASSIFICATION NUMBER | |
| Classification number | 371.911, IND |
| Assigning agency | FEDL |
| 245 #0 - TITLE STATEMENT | |
| Title | Report of the expert committee of the central advisory board of Education on uniform Indian braille held on 1st and 2nd April, 1946, as adopted by the board |
| 245 #0 - TITLE STATEMENT | |
| Statement of responsibility, etc. | Bureau of Education,India |
| 260 ## - PUBLICATION, DISTRIBUTION, ETC. | |
| Date of publication, distribution, etc. | 1946 |
| 300 ## - PHYSICAL DESCRIPTION | |
| Extent | 16p. |
| 942 ## - ADDED ENTRY ELEMENTS (KOHA) | |
| Koha item type | Textual |
| Classification part | 371.911, IND |
| Withdrawn status | Lost status | Damaged status | Not for loan | Home library | Current library | Date acquired | Total Checkouts | Full call number | Barcode | Date last seen | Price effective from | Koha item type |
|---|---|---|---|---|---|---|---|---|---|---|---|---|
| Department of Education Library | Department of Education Library | 2025-05-08 | 371.911, IND | EL0008719 | 2025-05-08 | 2025-05-08 | Textual |
